00473nam a2200169 a 45000010005000000030009000050080041000140400028000550820018000832450035001012600047001363000010001835000054001936500026002476500008002736500022002812722CO-ViMGA141112s2004 ck r 000 u spa d aCO-ViMGAbspacCO-ViMGA04aR350.724 E77110aEstatuto tributario Legis 1997 aSantafé de Bogotá : bLegis, c1997/98 a525 p ala biblioteca posee las ediciones de 1997 - 98. 14aIMPUESTOS COLOMBIANOS14aIVA14aRENTA - IMPUESTOS